Essay on Dr.Young's and M.Champollions phonetic system of hieroglyphics : with some additional discoveries, by which it may be applied to decipher the names of the ancient kings of Egypt and Ethiopia /

محفوظ في:

المؤلف الرئيسي: Salt, Henry, 1780-1827 (مؤلف)

التنسيق: كتاب

اللغة: English

منشور في: London : Longman, 1825.

الموضوعات:

الوسوم: إضافة وسم

لا توجد وسوم, كن أول من يضع وسما على هذه التسجيلة!

رقم الطلب: PJ1095 .S3

LEADER 01121namaa2200277 4500
003 OSt
005 20200822081702.0
008 130303s1825 enkf e 000 0 eng d
952 |0 0  |1 0  |2 lcc  |4 0  |6 PJ1095 S3  |7 1  |9 5117  |a ARCE  |b ARCE  |d 2020-08-22  |l 0  |o PJ1095 .S3  |p 1000980  |r 2020-08-22 00:00:00  |w 2020-08-22  |y BK 
999 |c 8825  |d 8825 
010 |a 11015507 
040 |c ARCE Library 
050 0 4 |a PJ1095 .S3 
100 1 |a Salt, Henry,  |d 1780-1827,  |e author 
245 1 0 |a Essay on Dr.Young's and M.Champollions phonetic system of hieroglyphics :  |b with some additional discoveries, by which it may be applied to decipher the names of the ancient kings of Egypt and Ethiopia /  |c Henry Salt. 
264 1 |a London :  |b Longman,  |c 1825. 
300 |a vii, 72 pages :  |b folded front., vi folded plates ;  |c 24 cm. 
336 |a text  |b txt  |2 rdacontent 
337 |a unmediated  |b n  |2 rdamedia 
338 |a volume  |b nc  |2 rdacarrier 
501 |a  [reprint, 201-] 
600 1 0 |a Champollion, Jean-François,  |d 1790-1832. 
600 1 0 |a Young, Thomas,  |d 1773-1829. 
650 0 |a Egyptian language  |x Writing, Hieroglyphic. 
901 |a reviewed 
942 |c BK  |2 lcc